000 00411nam a22001457a 4500
020 _a8178882973
040 _cNUST
082 _a515 DEN
100 _aDenis, R. Y
_980328
110 _aDubey, S. K. D Khan, M. U Singh, R. P
_9114098
245 _aAnalysis Real & Complex
260 _aNew Delhi:
_bDominant Publishers and Distributors,
_c2005.
650 _aAnalysis Real & Complex
_9114099
942 _2ddc
_cBK
999 _c595495
_d595495